Statistiques concernant Les cyclistes en 2024 (image)

Cliquez ici pour prendre le quiz!

Statistiques générales

  • Ce quiz a été pris 62 fois
  • Le résultat moyen est 18 sur 30

Statistiques - réponses

Réponse% Correct
Tadej Pogacar
100%
Jonas Vingegaard
98%
Wout van Aert
94%
Mathieu van der Poel
92%
Primoz Roglic
88%
Jasper Philipsen
85%
Remco Evenepoel
85%
Sepp Kuss
83%
Christophe Laporte
81%
Adam Yates
79%
Mads Pedersen
77%
Thomas Pidcock
67%
Valentin Madouas
65%
Lenny Martinez
62%
Simon Yates
62%
Arnaud de Lie
60%
Jai Hindley
56%
Carlos Rodriguez
52%
Juan Ayuso
50%
Mattias Skjelmose
50%
Michael Matthews
50%
Matej Mohoric
44%
Aleksandr Vlasov
42%
Ben Healy
40%
Mikel Landa
38%
Joao Almeida
33%
Olav Kooij
31%
Matteo Jorgenson
29%
Brandon Mcnulty
23%
Isaac del Toro
23%

Distribution des résultats

Percentile par nombre de réponses

% des personnes avec chaque résultat

Votre développement - résultats

Vous n’avez pas pris ce quiz